Science Quiz

Random Science or Letter Quiz

Elements by First Three Letters Quiz Stats

 Plays Quiz Updated Feb 9, 2019

Score 0/118 Timer 09:00
7 Plays Today
Element % Correct
Hydrogen
93.1%
Helium
90.6%
Oxygen
89.5%
Silver
87.7%
Silicon
87.7%
Gold
86.7%
Carbon
85.9%
Boron
82.8%
Nitrogen
79.6%
Neon
78.7%
Neodymium
78.5%
Beryllium
78%
Berkelium
78%
Californium
78%
Calcium
78%
Lithium
77.9%
Argon
76.8%
Magnesium
76.5%
Aluminum
74.3%
Copernicium
73.8%
Copper
73.8%
Fluorine
71.4%
Radium
71.4%
Radon
71.4%
Potassium
71.1%
Iron
70.8%
Uranium
70.8%
Zinc
70.2%
Einsteinium
69.6%
Chlorine
68.5%
Sodium
68.4%
Manganese
68.3%
Xenon
68.3%
Tin
66.5%
Iodine
63%
Sulfur
63%
Krypton
62.9%
Lead
62.6%
Ytterbium
62.4%
Yttrium
62.4%
Element % Correct
Arsenic
62.3%
Plutonium
62.2%
Phosphorus
61.8%
Mercury
61.6%
Barium
61.4%
Germanium
61.1%
Bromine
58.7%
Americium
58.3%
Francium
57.5%
Platinum
57.1%
Nickel
57%
Cobalt
56.8%
Tungsten
56.7%
Cesium
56.7%
Gallium
56.1%
Titanium
55.8%
Zirconium
53.2%
Vanadium
52.8%
Astatine
52.6%
Antimony
52.5%
Curium
50.9%
Polonium
50.2%
Chromium
50%
Lanthanum
49.9%
Ruthenium
49.9%
Rutherfordium
49.8%
Selenium
49.8%
Cadmium
48.9%
Bismuth
47.8%
Actinium
47.5%
Molybdenum
47.1%
Palladium
46.3%
Thallium
45.6%
Mendelevium
45.3%
Thorium
45.1%
Rubidium
44.7%
Iridium
44.4%
Rhodium
43.5%
Indium
43.3%
Hafnium
43.2%
Element % Correct
Cerium
42.7%
Europium
42.5%
Tantalum
42.5%
Tellurium
42.4%
Strontium
42.1%
Neptunium
42%
Scandium
41.6%
Osmium
41.4%
Promethium
41.3%
Protactinium
41.3%
Darmstadtium
40.3%
Terbium
40.2%
Tennessine
39.8%
Niobium
39.4%
Lawrencium
39%
Thulium
38.7%
Erbium
38.6%
Technetium
38.3%
Rhenium
38%
Praseodymium
37.7%
Gadolinium
37.3%
Fermium
36.7%
Bohrium
36.4%
Nobelium
35.9%
Holmium
35.6%
Dysprosium
35.4%
Seaborgium
34.9%
Samarium
34.8%
Hassium
34.1%
Lutetium
33.7%
Nihonium
32%
Dubnium
31.4%
Livermorium
31.2%
Flerovium
31.1%
Meitnerium
31%
Moscovium
31%
Oganesson
30.4%
Roentgenium
28.4%

You're not logged in!

Compare scores with friends on all Sporcle quizzes.
OR
Log In

Show Comments

Extras

Top Quizzes Today


Score Distribution

Your Account Isn't Verified!

In order to create a playlist on Sporcle, you need to verify the email address you used during registration. Go to your Sporcle Settings to finish the process.

Report this User

Report this user for behavior that violates our Community Guidelines.

Details: